| 000 | 00345nam a22001337a 4500 | ||
|---|---|---|---|
| 020 | _qPB. | ||
| 040 | _cFIZZA ISHAQ | ||
| 082 |
_a001.4226 _bEVE |
||
| 100 |
_aEVERGREEN,S. _991747 |
||
| 245 |
_aEFFECTIVE DATA VISUALIZATION THE RIGHT CHAT FOR THE RIGHT DATA / _cEVERGREEN S. |
||
| 260 |
_aSAGE ; _c2020. |
||
| 300 | _a328 P. ; | ||
| 942 |
_2ddc _cBK |
||
| 999 |
_c589896 _d589896 |
||